000 00716nam a2200241 i 4500
001 9516
003 ES-MaACL
005 20250824222023.0
007 t|
008 931006s1993 sp ||||1| spa d
020 _a84-7844-158-1
080 _a82-312.1"19"
080 _a82(Stephens,J.7 O.03=6)
100 1 _aStephens, James.
_9108108
245 1 3 _aLa Olla de oro /
_cJames Stephens ; traducción de Olivia de Miguel.
260 _aMadrid :
_bSiruela,
_cD.L. 1993.
300 _aXIV, 187 p. ;
_c22 cm.
490 1 _aLibros del tiempo ;
_v52
700 1 _aMiguel, Olivia de.
_981017
830 0 0 _aLibros del tiempo (Siruela)
_v52
_9233603
852 _aES-MaACL
_jL-16840
_bR.121451
999 _c9516
_d9516